| 000 | 00418nam a22001697a 4500 | ||
|---|---|---|---|
| 999 |
_c526942 _d526942 |
||
| 003 | NUST | ||
| 020 | _qH/B | ||
| 038 | _awaseem | ||
| 082 |
_a891.421 _bQAI |
||
| 100 |
_aQaiser, Shahzad _917456 |
||
| 245 |
_aDooji Ankh / _cShahzad Qaiser |
||
| 260 |
_aMultan : _bKarwan-e-Adb, _c1985. |
||
| 300 | _a184 p. ; | ||
| 880 |
_6100-01\r _aشیزاد قیصر |
||
| 880 |
_6245-02\r _aدُوجی اکھ / |
||
| 942 |
_2ddc _cBK |
||